Statistics for Songs in the Spotify Billions Club That are Also On My Liked Songs

Click here to take the quiz!

General Stats

  • This quiz has been taken 11 times
  • The average score is 26 of 97

Answer Stats

ArtistAnswer% Correct
NirvanaSmells Like Teen Spirit
83%
Tom OdellAnother Love
67%
Eminem, RihannaLove the Way You Lie
67%
Linkin ParkNumb
67%
The WeekndBlinding Lights
50%
MetallicaEnter Sandman
50%
Alan WalkerFaded
50%
50 CentIn Da Club
50%
Wham!Last Christmas
50%
Billie Eilish, Khalidlovely
50%
Post Malone feat. 21 Savagerockstar
50%
DaBaby feat. Roddy RicchROCKSTAR
50%
XXXTENTACIONSAD!
50%
The White StripesSeven Nation Army
50%
HalseyWithout Me
50%
ColdplayYellow
50%
TOTOAfrica
33%
QueenAnother One Bites the Dust
33%
Masked WolfAstronaut In the Ocean
33%
Macklemore & Ryan Lewis
feat. Ray Dalton
Can't Hold Us
33%
RadioheadCreep
33%
Powfu, beabadoobeedeath bed(coffee for your head)
33%
Arctic MonkeysDo I Wanna Know?
33%
Olivia Rodrigodrivers license
33%
AdeleEasy On Me
33%
Coolio, L.V.Gangsta's Paradise
33%
DrakeGod's Plan
33%
Glass AnimalsHeat Waves
33%
OutkastHey Ya!
33%
Kendrick LamarHUMBLE.
33%
Linkin ParkIn The End
33%
XXXTENTACIONLook At Me!
33%
Juice WRLDLucid Dreams
33%
Drake, Wizkid, KylaOne Dance
33%
ZAYNPILLOWTALK
33%
Imagine DragonsRadioactive
33%
Kings of LeonSex on Fire
33%
Ed SheeranShape of You
33%
Lewis CapaldiSomeone You Loved
33%
OasisWonderwall
33%
Rihanna, DrakeWork
33%
Logic, Alessia Cara, Khalid1-800-273-8255
17%
Harry StylesAdore You
17%
Juice WRLDAll Girls Are the Same
17%
Kendrick Lamar, SZAAll The Stars
17%
Ed SheeranBad Habits
17%
Ed Sheeran feat. KhalidBeautiful People
17%
Post MaloneBetter Now
17%
Lil MoseyBlueberry Faygo
17%
Post Malone, QuavoCongratulations
17%
The WeekndDie For You
17%
The PoliceEvery Breath You Take
17%
Billie Eilisheverything i wanted
17%
Trevor DanielFalling
17%
GorillazFeel Good Inc.
17%
XXXTENTACION feat. Trippie ReddFuck Love
17%
Eminem feat. Juice WRLDGodzilla
17%
Post Malone feat. Young ThugGoodbyes
17%
Travis Scottgoosebumps
17%
The Script feat. will.i.amHall of Fame
17%
Travis ScottHIGHEST IN THE ROOM
17%
blackbearhot girl bummer
17%
DrakeHotline Bling
17%
The Weeknd, Daft PunkI Feel It Coming
17%
Lil Nas X feat. Jack HarlowIndustry Baby
17%
DrakeIn My Feelings
17%
Justin Bieber feat. QuavoIntentions
17%
XXXTENTACIONJocelyn Flores
17%
Silk SonicLeave the Door Open
17%
NFLet You Down
17%
Dua Lipa feat. DaBabyLevitating
17%
Future feat. DrakeLife is Good
17%
Maroon 5Memories
17%
Lil Nas XMONTERO(Call Me By Your Name)
17%
24kGoldn feat. iann diorMood
17%
The KillersMr. Brightside
17%
Maroon 5, Wiz KhalifaPayphone
17%
Ariana Grandepositions
17%
Juice WRLDRobbery
17%
The Weeknd, Ariana GrandeSave Your Tears
17%
Travis ScottSICKO MODE
17%
Harry StylesSign of the Times
17%
Marshmello, KhalidSilence
17%
The Weeknd, Daft PunkStarboy
17%
Dr. Dre, Snoop DoggStill D.R.E.
17%
Post Malone, Swae LeeSunflower
17%
Roddy RicchThe Box
17%
The WeekndThe Hills
17%
Tame ImpalaThe Less I Know The Better
17%
Eminem, Nate DoggTill I Collapse
17%
Fetty WapTrap Queen
17%
Billie Eilishwhen the party's over
17%
Lil Uzi VertXO Tour Llif3
17%
Post MaloneCircles
0%
XXXTENTACIONHope
0%
Ariana Grandeno tears left to cry
0%
DrakePassionfruit
0%

Score Distribution

Percentile by Number Answered

Percent of People with Each Score

Your Score History

You have not taken this quiz